000
00290nam a22001217a 4500
008
190227b xxu||||| |||| 00| 0 eng d
041
_a
eng
080
_a
540
100
_a
12
101
_a
KIM
245
_a
Molecular Orbital theory for organic chemists
_c
Streitwieser,A
942
_2
udc
_c
BK
999
_c
54326
_d
54326